| 000 | 00882nam a22002297a 4500 | ||
|---|---|---|---|
| 005 | 20250327060452.0 | ||
| 008 | 250327b |||||||| |||| 00| 0 eng d | ||
| 020 | _a9781484298091 | ||
| 040 | _cAIMIT LIBRARY | ||
| 082 |
_21 _a658.83 _bZAIN |
||
| 100 |
_aZaidi, Neha. _9206972 |
||
| 245 |
_aBuilding AI driven marketing capabilities : _bunderstand customer needs and deliver value through AI / _cBy Neha Zaidi...[et.al]. |
||
| 250 | _a1st ed. | ||
| 260 |
_aNew York : _bApress ; _c2024. |
||
| 300 |
_avi,340p. ; _bPB _c23 cm. |
||
| 650 |
_aInternet trends and customer sentiment analysis on different online platforms _9206973 |
||
| 650 |
_aDeveloping a marketing strategy while maintaining focus on cutomer value _9206974 |
||
| 700 |
_aMaurya, Mohit. _9206975 |
||
| 700 |
_aGrima, Simon. _9206976 |
||
| 700 |
_aTyagi, Pallavi. _9206977 |
||
| 942 |
_2ddc _cBK _e1st ed. _k658.83 ZAIN |
||
| 999 |
_c234019 _d234019 |
||